000 00697cam a2200253 4500
008 090401t1998 xxu||||| |||| 00| 0 eng d
020 _a1860812333
035 _a(Sirsi) u89097
041 _aeng
050 _a690
110 _aBuilding Research Establishment
245 _aRepairing and replacing ground floors.
260 _aLondon
_bConstruction Research Communications Ltd
_c1998
300 _a4p. : ill. ; 30cm.
350 _a0
490 _aBRE Good Repair Guide
_v17
650 _aCONCRETE FLOORS
650 _aFLOORING
650 _aREPAIRS
650 _aTIMBER FLOORS
690 _aBUILDING AND CONSTRUCTION-REPAIRS AND MAINTENANCE
942 _n0
948 _c20/10/1998
999 _c97421
_d97421